[Event "Turniej Blitza na II Lidze Juniorów 2018"]
[Site "Szczyrk, Poland"]
[Date "????.??.??"]
[Round "4.13"]
[White "Praczukowski, Stanislaw"]
[Black "Burdzicki, Jan"]
[Result "1-0"]
[TimeControl "3'+2\""]
[WhiteElo "2078"]
[BlackElo "1491"]

1. d4 {[%clk 00:03:04]} {[%emt 00:01:22]} d5 {[%clk 00:03:02]} {[%emt
00:00:02]} 2. c4 {[%clk 00:03:05]} c6 {[%clk 00:03:02]} {[%emt 00:00:02]} 3.
cxd5 {[%clk 00:03:06]} cxd5 {[%clk 00:03:04]} {[%emt 00:00:01]} 4. Bf4 {[%clk
00:03:07]} Bf5 {[%clk 00:03:04]} {[%emt 00:00:01]} 5. Nc3 {[%clk 00:03:07]}
{[%emt 00:00:02]} Nc6 {[%clk 00:03:04]} {[%emt 00:00:02]} 6. Nf3 {[%clk
00:03:03]} {[%emt 00:00:06]} Nf6 {[%clk 00:03:05]} {[%emt 00:00:02]} 7. Qb3
{[%clk 00:02:53]} {[%emt 00:00:11]} Qd7 {[%clk 00:02:33]} {[%emt 00:00:34]} 8.
e3 {[%clk 00:02:50]} {[%emt 00:00:05]} a6 {[%clk 00:02:28]} {[%emt 00:00:08]} 9.
Ne5 {[%clk 00:02:42]} {[%emt 00:00:10]} Nxe5 {[%clk 00:02:24]} {[%emt
00:00:06]} 10. dxe5 {[%clk 00:02:43]} Ne4 {[%clk 00:01:59]} {[%emt 00:00:26]}
11. Qxd5 {[%clk 00:02:34]} {[%emt 00:00:11]} Nxc3 {[%clk 00:01:52]} {[%emt
00:00:10]} 12. Qxd7+ {[%clk 00:02:34]} {[%emt 00:00:02]} Bxd7 {[%clk 00:01:51]}
{[%emt 00:00:02]} 13. bxc3 {[%clk 00:02:35]} Rc8 {[%clk 00:01:45]} {[%emt
00:00:09]} 14. Rb1 {[%clk 00:02:28]} {[%emt 00:00:10]} b5 {[%clk 00:01:37]}
{[%emt 00:00:10]} 15. Be2 {[%clk 00:02:14]} {[%emt 00:00:15]} Rxc3 {[%clk
00:01:25]} {[%emt 00:00:15]} 16. O-O {[%clk 00:02:15]} Rc2 {[%clk 00:01:20]}
{[%emt 00:00:07]} 17. Bf3 {[%clk 00:01:58]} {[%emt 00:00:18]} Rxa2 {[%clk
00:01:10]} {[%emt 00:00:13]} 18. Ra1 {[%clk 00:02:00]} Rxa1 {[%clk 00:00:44]}
{[%emt 00:00:28]} 19. Rxa1 {[%clk 00:02:00]} {[%emt 00:00:01]} Bc8 {[%clk
00:00:27]} {[%emt 00:00:19]} 20. Bc6+ {[%clk 00:01:18]} {[%emt 00:00:44]} Kd8
{[%clk 00:00:25]} {[%emt 00:00:04]} 21. e6 {[%clk 00:01:19]} {[%emt 00:00:01]}
Bxe6 {[%clk 00:00:19]} {[%emt 00:00:09]} 22. Rxa6 {[%clk 00:01:15]} {[%emt
00:00:06]} Bc8 {[%clk 00:00:04]} {[%emt 00:00:16]} 23. Ra8 {[%clk 00:01:10]}
{[%emt 00:00:07]} e5 {[%clk 00:00:05]} {[%emt 00:00:02]} 24. Bxe5 {[%clk
00:01:03]} {[%emt 00:00:08]} f6 {[%clk 00:00:04]} {[%emt 00:00:03]} 25. Bd4
{[%clk 00:00:59]} {[%emt 00:00:06]} Bd6 {[%clk 00:00:03]} {[%emt 00:00:03]} 26.
Bxb5 {[%clk 00:00:52]} {[%emt 00:00:09]} Kc7 {[%clk 00:00:03]} {[%emt
00:00:02]} 27. Ra7+ {[%emt 00:00:10]} Bb7 28. Ba6 {[%clk 00:00:26]} {[%emt
00:00:20]} Rb8 {[%clk 00:00:06]} {[%emt 00:00:01]} 29. h3 {[%clk 00:00:18]}
{[%emt 00:00:10]} h6 {[%clk 00:00:07]} 30. g4 {[%clk 00:00:17]} {[%emt
00:00:04]} Be7 {[%clk 00:00:07]} {[%emt 00:00:02]} 31. e4 {[%clk 00:00:14]}
{[%emt 00:00:05]} Bd6 {[%clk 00:00:08]} {[%emt 00:00:02]} 32. Be3 {[%clk
00:00:15]} {[%emt 00:00:01]} Kc8 {[%clk 00:00:08]} {[%emt 00:00:02]} 33. Rxb7
{[%clk 00:00:16]} {[%emt 00:00:01]} Rxb7 {[%clk 00:00:09]} 1-0

[Event "Turniej Blitza na II Lidze Juniorów 2018"]
[Site "Szczyrk, Poland"]
[Date "????.??.??"]
[Round "4.27"]
[White "Krzyzosiak, Anna"]
[Black "Wasik, Roman"]
[Result "1-0"]
[TimeControl "3'+2\""]
[WhiteElo "1596"]
[BlackElo "1369"]

1. e4 {[%clk 00:03:03]} {[%emt 00:00:01]} c5 {[%clk 00:03:01]} {[%emt
00:00:03]} 2. Nf3 {[%clk 00:03:04]} {[%emt 00:00:01]} d6 {[%clk 00:03:02]}
{[%emt 00:00:02]} 3. d4 {[%clk 00:03:05]} cxd4 {[%clk 00:03:03]} {[%emt
00:00:02]} 4. Nxd4 {[%clk 00:03:06]} Nf6 {[%clk 00:03:03]} {[%emt 00:00:02]} 5.
Nc3 {[%clk 00:03:07]} g6 {[%clk 00:03:04]} {[%emt 00:00:02]} 6. Be3 {[%clk
00:03:08]} Bg7 {[%clk 00:03:05]} {[%emt 00:00:01]} 7. f3 {[%clk 00:03:09]} O-O
{[%clk 00:03:05]} {[%emt 00:00:02]} 8. Qd2 {[%clk 00:03:10]} {[%emt 00:00:02]}
Nc6 {[%clk 00:03:05]} {[%emt 00:00:01]} 9. O-O-O {[%clk 00:03:10]} {[%emt
00:00:03]} Nxd4 {[%clk 00:03:05]} {[%emt 00:00:02]} 10. Bxd4 {[%clk 00:03:10]}
{[%emt 00:00:01]} Be6 {[%clk 00:03:06]} {[%emt 00:00:01]} 11. g4 {[%clk
00:03:09]} {[%emt 00:00:03]} Qc7 {[%clk 00:03:07]} {[%emt 00:00:01]} 12. h4
{[%clk 00:03:09]} {[%emt 00:00:02]} Rfc8 {[%clk 00:03:02]} {[%emt 00:00:07]} 13.
h5 {[%clk 00:03:04]} {[%emt 00:00:07]} Qa5 {[%clk 00:02:54]} {[%emt 00:00:10]}
14. hxg6 {[%clk 00:03:00]} {[%emt 00:00:06]} Rxc3 {[%clk 00:02:34]} {[%emt
00:00:22]} 15. Bxc3 {[%clk 00:02:57]} {[%emt 00:00:05]} Qxa2 {[%clk 00:02:34]}
{[%emt 00:00:03]} 16. gxf7+ {[%clk 00:02:52]} {[%emt 00:00:07]} Bxf7 {[%clk
00:02:32]} {[%emt 00:00:03]} 17. Qg5 {[%clk 00:02:44]} {[%emt 00:00:10]} Bg6
{[%clk 00:01:54]} {[%emt 00:00:41]} 18. Bd3 {[%clk 00:02:32]} {[%emt 00:00:14]}
e5 {[%clk 00:01:48]} {[%emt 00:00:08]} 19. f4 {[%clk 00:02:01]} {[%emt
00:00:33]} Rf8 {[%clk 00:01:16]} {[%emt 00:00:34]} 20. f5 {[%clk 00:01:55]}
{[%emt 00:00:07]} Bf7 {[%clk 00:00:53]} {[%emt 00:00:25]} 21. Qh4 {[%clk
00:01:39]} {[%emt 00:00:19]} h6 {[%clk 00:00:26]} {[%emt 00:00:28]} 22. Rdg1
{[%clk 00:01:27]} {[%emt 00:00:14]} d5 {[%clk 00:00:10]} {[%emt 00:00:18]} 23.
g5 {[%clk 00:01:03]} {[%emt 00:00:26]} 1-0

[Event "Turniej Blitza na II Lidze Juniorów 2018"]
[Site "Szczyrk, Poland"]
[Date "????.??.??"]
[Round "4.72"]
[White "Sleczka, Krzysztof"]
[Black "Szopa, Emilia"]
[Result "0-1"]
[TimeControl "3'+2\""]
[WhiteElo "1087"]
[BlackElo "1323"]

1. e4 {[%clk 00:03:03]} {[%emt 00:01:31]} e5 {[%emt 00:00:04]} 2. Nf3 {[%emt
00:00:01]} Nc6 {[%clk 00:03:04]} {[%emt 00:00:01]} 3. Bb5 {[%clk 00:03:06]} a6
{[%clk 00:03:04]} {[%emt 00:00:02]} 4. Ba4 {[%clk 00:03:07]} {[%emt 00:00:01]}
Nf6 {[%clk 00:03:05]} 5. O-O {[%clk 00:03:01]} {[%emt 00:00:08]} b5 {[%clk
00:03:06]} 6. Bb3 {[%clk 00:03:02]} Bc5 {[%clk 00:03:07]} {[%emt 00:00:01]} 7.
Re1 {[%clk 00:03:03]} {[%emt 00:00:02]} O-O {[%clk 00:03:05]} {[%emt 00:00:03]}
8. d4 {[%clk 00:02:56]} {[%emt 00:00:09]} exd4 {[%clk 00:03:03]} {[%emt
00:00:05]} 9. e5 {[%clk 00:02:54]} {[%emt 00:00:03]} Ne8 {[%clk 00:02:51]}
{[%emt 00:00:14]} 10. c3 {[%clk 00:02:41]} {[%emt 00:00:16]} dxc3 {[%clk
00:02:41]} {[%emt 00:00:12]} 11. Nxc3 {[%clk 00:02:40]} d6 {[%clk 00:02:40]}
{[%emt 00:00:04]} 12. Bf4 {[%clk 00:02:26]} {[%emt 00:00:17]} Be6 {[%clk
00:02:27]} {[%emt 00:00:14]} 13. Bxe6 {[%clk 00:02:10]} {[%emt 00:00:19]} fxe6
{[%clk 00:02:27]} {[%emt 00:00:01]} 14. exd6 {[%clk 00:02:10]} {[%emt
00:00:03]} Rxf4 {[%clk 00:02:20]} {[%emt 00:00:09]} 15. dxc7 {[%clk 00:02:09]}
{[%emt 00:00:02]} Qxd1 {[%clk 00:02:17]} {[%emt 00:00:06]} 16. Raxd1 {[%clk
00:02:09]} {[%emt 00:00:01]} Nxc7 {[%clk 00:02:17]} {[%emt 00:00:01]} 17. Ng5
{[%clk 00:01:58]} {[%emt 00:00:15]} Bxf2+ {[%clk 00:02:15]} {[%emt 00:00:04]}
18. Kh1 {[%clk 00:01:54]} {[%emt 00:00:05]} Bxe1 19. Rxe1 Raf8 {[%emt
00:00:07]} 20. Kg1 {[%clk 00:01:51]} {[%emt 00:00:05]} e5 {[%clk 00:02:07]}
{[%emt 00:00:04]} 21. Nf3 {[%clk 00:01:49]} {[%emt 00:00:03]} Nd4 {[%clk
00:02:05]} {[%emt 00:00:04]} 22. Nxd4 {[%clk 00:01:11]} {[%emt 00:00:40]} exd4
{[%clk 00:02:06]} {[%emt 00:00:01]} 23. Ne2 {[%clk 00:01:10]} {[%emt 00:00:04]}
Re4 {[%emt 00:00:11]} 24. Rf1 {[%clk 00:01:01]} Rxe2 {[%clk 00:02:04]} {[%emt
00:00:04]} 25. Rxf8+ {[%clk 00:01:01]} {[%emt 00:00:02]} Kxf8 {[%clk 00:02:04]}
{[%emt 00:00:02]} 26. Kf1 {[%clk 00:01:03]} Rxb2 {[%clk 00:02:03]} {[%emt
00:00:03]} 27. h4 {[%clk 00:01:03]} {[%emt 00:00:03]} Nd5 {[%clk 00:02:03]}
{[%emt 00:00:02]} 28. g4 {[%clk 00:01:04]} {[%emt 00:00:01]} Ke7 {[%clk
00:02:04]} 29. g5 {[%clk 00:01:05]} Ke6 {[%clk 00:02:04]} {[%emt 00:00:01]} 30.
h5 {[%clk 00:01:05]} {[%emt 00:00:02]} Kf5 {[%clk 00:02:05]} {[%emt 00:00:01]}
31. h6 {[%clk 00:01:05]} {[%emt 00:00:02]} g6 {[%clk 00:02:06]} 32. a4 {[%clk
00:01:04]} {[%emt 00:00:04]} Kf4 {[%clk 00:02:05]} {[%emt 00:00:02]} 33. axb5
{[%clk 00:01:04]} {[%emt 00:00:02]} Kf3 {[%clk 00:02:00]} {[%emt 00:00:07]} 34.
Ke1 {[%clk 00:01:05]} {[%emt 00:00:01]} Ke3 {[%clk 00:01:55]} {[%emt 00:00:07]}
35. Kf1 {[%clk 00:01:05]} {[%emt 00:00:02]} Nf4 {[%clk 00:01:55]} {[%emt
00:00:02]} 36. Kg1 {[%clk 00:01:02]} {[%emt 00:00:05]} axb5 {[%clk 00:01:55]}
{[%emt 00:00:03]} 37. Kh1 {[%clk 00:00:59]} {[%emt 00:00:04]} Kf3 {[%clk
00:01:55]} {[%emt 00:00:02]} 38. Kg1 {[%clk 00:00:58]} {[%emt 00:00:03]} d3
{[%clk 00:01:48]} {[%emt 00:00:09]} 39. Kh1 {[%clk 00:00:58]} {[%emt 00:00:03]}
Kg3 {[%clk 00:01:48]} {[%emt 00:00:01]} 40. Kg1 {[%clk 00:00:58]} {[%emt
00:00:02]} Rb1# {[%clk 00:01:49]} 0-1

[Event "Turniej Blitza na II Lidze Juniorów 2018"]
[Site "Szczyrk, Poland"]
[Date "????.??.??"]
[Round "4.7"]
[White "Niedbala, Bartlomiej"]
[Black "Ciasnocha, Michal"]
[Result "0-1"]
[TimeControl "3'+2\""]
[WhiteElo "1961"]
[BlackElo "1396"]

1. d4 {[%clk 00:03:03]} d5 {[%clk 00:03:03]} {[%emt 00:00:01]} 2. Bf4 {[%clk
00:03:04]} {[%emt 00:00:01]} Nf6 {[%clk 00:03:03]} {[%emt 00:00:02]} 3. e3
{[%clk 00:03:05]} {[%emt 00:00:01]} e6 {[%clk 00:03:04]} {[%emt 00:00:02]} 4.
Nf3 {[%clk 00:03:04]} {[%emt 00:00:02]} Be7 {[%clk 00:03:05]} {[%emt 00:00:01]}
5. c3 {[%clk 00:03:04]} {[%emt 00:00:02]} O-O {[%clk 00:03:05]} {[%emt
00:00:02]} 6. Ne5 {[%clk 00:03:05]} Nbd7 {[%clk 00:03:03]} {[%emt 00:00:04]} 7.
Bd3 {[%clk 00:03:06]} c5 {[%clk 00:02:59]} {[%emt 00:00:07]} 8. Nd2 {[%clk
00:03:07]} {[%emt 00:00:01]} cxd4 {[%clk 00:02:59]} {[%emt 00:00:01]} 9. exd4
{[%clk 00:03:08]} Nxe5 {[%clk 00:02:43]} {[%emt 00:00:18]} 10. dxe5 {[%clk
00:03:08]} {[%emt 00:00:02]} Nd7 {[%clk 00:02:40]} {[%emt 00:00:05]} 11. Nf3
{[%clk 00:03:08]} {[%emt 00:00:02]} f6 {[%clk 00:02:36]} {[%emt 00:00:06]} 12.
h4 {[%clk 00:02:57]} {[%emt 00:00:14]} fxe5 {[%clk 00:02:34]} {[%emt 00:00:04]}
13. Bxh7+ {[%clk 00:02:40]} {[%emt 00:00:18]} Kxh7 {[%clk 00:02:31]} {[%emt
00:00:06]} 14. Ng5+ {[%clk 00:02:41]} Kg8 {[%clk 00:02:29]} {[%emt 00:00:04]}
15. Qh5 {[%clk 00:02:42]} {[%emt 00:00:01]} Nf6 {[%clk 00:02:30]} {[%emt
00:00:01]} 16. Qg6 {[%clk 00:01:59]} {[%emt 00:00:45]} exf4 {[%clk 00:02:20]}
{[%emt 00:00:12]} 17. h5 {[%clk 00:02:01]} Qe8 {[%clk 00:02:17]} {[%emt
00:00:06]} 18. O-O-O {[%clk 00:01:46]} {[%emt 00:00:17]} Qxg6 {[%clk 00:01:58]}
{[%emt 00:00:21]} 19. hxg6 {[%clk 00:01:47]} {[%emt 00:00:01]} Ne4 {[%clk
00:01:55]} {[%emt 00:00:04]} 20. Nf7 {[%clk 00:01:01]} {[%emt 00:00:49]} Rxf7
{[%clk 00:01:53]} {[%emt 00:00:04]} 21. gxf7+ {[%clk 00:00:59]} {[%emt
00:00:04]} Kxf7 {[%clk 00:01:54]} {[%emt 00:00:01]} 22. Rh8 {[%clk 00:00:58]}
{[%emt 00:00:03]} b6 {[%clk 00:01:39]} {[%emt 00:00:17]} 23. c4 {[%clk
00:00:59]} {[%emt 00:00:01]} Bb7 {[%clk 00:01:39]} {[%emt 00:00:02]} 24. Rh5
{[%clk 00:00:45]} {[%emt 00:00:14]} Rc8 {[%clk 00:01:40]} {[%emt 00:00:03]} 25.
b3 {[%clk 00:00:45]} {[%emt 00:00:02]} Bf6 {[%clk 00:01:34]} {[%emt 00:00:08]}
26. f3 {[%clk 00:00:40]} {[%emt 00:00:06]} Nc3 {[%clk 00:01:33]} {[%emt
00:00:03]} 27. Rd3 {[%clk 00:00:42]} Nxa2+ {[%clk 00:01:27]} {[%emt 00:00:08]}
28. Kd2 {[%clk 00:00:41]} {[%emt 00:00:02]} Nb4 {[%clk 00:01:28]} {[%emt
00:00:03]} 29. cxd5 {[%clk 00:00:34]} {[%emt 00:00:08]} Nxd3 {[%clk 00:01:27]}
{[%emt 00:00:04]} 0-1

[Event "Turniej Blitza na II Lidze Juniorów 2018"]
[Site "Szczyrk, Poland"]
[Date "????.??.??"]
[Round "4.23"]
[White "Ziemniak, Piotr"]
[Black "Burdzicki, Stanislaw"]
[Result "1-0"]
[TimeControl "3'+2\""]
[WhiteElo "1737"]
[BlackElo "1384"]

1. e4 {[%clk 00:03:02]} {[%emt 00:00:01]} c5 {[%clk 00:03:03]} {[%emt
00:00:01]} 2. Nf3 {[%clk 00:03:03]} {[%emt 00:00:02]} g6 {[%clk 00:03:04]}
{[%emt 00:00:01]} 3. d4 {[%clk 00:03:03]} {[%emt 00:00:01]} cxd4 {[%clk
00:03:05]} {[%emt 00:00:01]} 4. Nxd4 {[%clk 00:03:05]} {[%emt 00:00:01]} Nc6
{[%clk 00:03:06]} 5. Be3 {[%clk 00:03:04]} {[%emt 00:00:03]} Bg7 {[%clk
00:03:03]} {[%emt 00:00:05]} 6. Nc3 {[%clk 00:03:03]} {[%emt 00:00:03]} Nf6
{[%clk 00:03:03]} {[%emt 00:00:02]} 7. Nxc6 {[%clk 00:03:03]} {[%emt 00:00:02]}
bxc6 {[%clk 00:03:03]} {[%emt 00:00:02]} 8. e5 {[%clk 00:03:05]} Ng8 {[%clk
00:02:59]} {[%emt 00:00:06]} 9. f4 {[%clk 00:03:05]} {[%emt 00:00:02]} f6
{[%clk 00:02:59]} {[%emt 00:00:03]} 10. e6 {[%clk 00:02:23]} {[%emt 00:00:43]}
dxe6 {[%clk 00:02:29]} {[%emt 00:00:32]} 11. Qf3 {[%clk 00:02:24]} Bb7 {[%clk
00:02:22]} {[%emt 00:00:10]} 12. Bc4 {[%clk 00:02:17]} {[%emt 00:00:08]} Qc8
{[%clk 00:02:08]} {[%emt 00:00:16]} 13. O-O-O {[%clk 00:01:54]} {[%emt
00:00:26]} f5 {[%clk 00:02:08]} {[%emt 00:00:02]} 14. Na4 {[%clk 00:01:42]}
{[%emt 00:00:14]} Nf6 {[%clk 00:02:00]} {[%emt 00:00:09]} 15. Nc5 {[%clk
00:01:41]} {[%emt 00:00:03]} Nd5 {[%clk 00:02:00]} {[%emt 00:00:02]} 16. Rhe1
{[%clk 00:01:18]} {[%emt 00:00:25]} O-O {[%clk 00:01:52]} {[%emt 00:00:10]} 17.
Bd4 {[%clk 00:01:18]} {[%emt 00:00:02]} Bxd4 {[%clk 00:01:24]} {[%emt
00:00:30]} 18. Rxd4 {[%clk 00:01:19]} Rf6 {[%clk 00:01:23]} {[%emt 00:00:03]}
19. g4 {[%clk 00:01:19]} {[%emt 00:00:01]} fxg4 {[%clk 00:00:58]} {[%emt
00:00:28]} 20. Qxg4 {[%clk 00:01:19]} {[%emt 00:00:02]} Kf7 {[%clk 00:00:59]}
21. Ne4 {[%clk 00:01:12]} {[%emt 00:00:09]} Rxf4 {[%clk 00:00:51]} {[%emt
00:00:10]} 22. Ng5+ {[%clk 00:01:10]} {[%emt 00:00:04]} Kg7 {[%clk 00:00:41]}
{[%emt 00:00:12]} 23. Nxe6+ {[%clk 00:01:03]} {[%emt 00:00:09]} Qxe6 {[%clk
00:00:21]} {[%emt 00:00:22]} 24. Qxe6 {[%clk 00:01:00]} {[%emt 00:00:05]} Rxd4
{[%clk 00:00:22]} {[%emt 00:00:02]} 25. Bxd5 {[%clk 00:01:01]} {[%emt
00:00:01]} Rxd5 {[%clk 00:00:14]} {[%emt 00:00:10]} 26. Qxe7+ {[%clk 00:01:02]}
Kh6 {[%clk 00:00:15]} {[%emt 00:00:01]} 27. Qxb7 {[%clk 00:01:02]} {[%emt
00:00:01]} Rad8 {[%clk 00:00:16]} 28. Qe7 {[%clk 00:00:54]} {[%emt 00:00:10]}
R8d7 {[%clk 00:00:16]} {[%emt 00:00:02]} 29. Qe3+ {[%clk 00:00:55]} {[%emt
00:00:01]} Kg7 {[%clk 00:00:16]} {[%emt 00:00:02]} 30. b3 {[%clk 00:00:54]}
{[%emt 00:00:04]} a5 {[%clk 00:00:16]} {[%emt 00:00:02]} 31. a4 {[%clk
00:00:54]} {[%emt 00:00:01]} c5 {[%clk 00:00:15]} {[%emt 00:00:03]} 32. Rf1
{[%clk 00:00:52]} {[%emt 00:00:04]} c4 {[%clk 00:00:15]} {[%emt 00:00:02]} 33.
Qc3+ {[%clk 00:00:53]} Rd4 {[%clk 00:00:15]} {[%emt 00:00:02]} 34. Rf4 {[%clk
00:00:52]} {[%emt 00:00:03]} cxb3 {[%clk 00:00:12]} {[%emt 00:00:06]} 35. Rxd4
{[%clk 00:00:52]} {[%emt 00:00:01]} b2+ {[%clk 00:00:12]} {[%emt 00:00:01]} 36.
Kxb2 {[%clk 00:00:53]} {[%emt 00:00:01]} Rb7+ {[%clk 00:00:14]} {[%emt
00:00:02]} 37. Ka2 {[%clk 00:00:54]} {[%emt 00:00:01]} Rb8 {[%clk 00:00:07]}
{[%emt 00:00:08]} 38. Rd8+ {[%clk 00:00:52]} {[%emt 00:00:04]} Kh6 {[%clk
00:00:07]} {[%emt 00:00:02]} 39. Rxb8 {[%clk 00:00:53]} g5 {[%clk 00:00:08]}
{[%emt 00:00:01]} 40. Rb5 {[%clk 00:00:54]} {[%emt 00:00:02]} Kh5 {[%clk
00:00:08]} {[%emt 00:00:01]} 41. Qg3 {[%clk 00:00:54]} {[%emt 00:00:02]} h6
{[%clk 00:00:09]} {[%emt 00:00:02]} 42. h3 {[%clk 00:00:52]} {[%emt 00:00:03]}
Kg6 {[%clk 00:00:08]} {[%emt 00:00:03]} 43. h4 {[%clk 00:00:53]} {[%emt
00:00:01]} Kh5 {[%clk 00:00:08]} {[%emt 00:00:02]} 44. hxg5 {[%clk 00:00:54]}
{[%emt 00:00:01]} Kg6 {[%clk 00:00:08]} {[%emt 00:00:02]} 45. gxh6+ {[%clk
00:00:54]} {[%emt 00:00:02]} Kf6 {[%clk 00:00:09]} {[%emt 00:00:01]} 46. Qg5+
{[%clk 00:00:54]} {[%emt 00:00:02]} Ke6 {[%clk 00:00:09]} {[%emt 00:00:02]} 47.
Qg6+ {[%clk 00:00:55]} {[%emt 00:00:01]} Kd7 {[%clk 00:00:09]} {[%emt
00:00:02]} 48. Rb7+ {[%clk 00:00:56]} Kc8 {[%clk 00:00:10]} {[%emt 00:00:01]}
49. Rh7 {[%clk 00:00:56]} {[%emt 00:00:01]} 1-0

[Event "Turniej Blitza na II Lidze Juniorów 2018"]
[Site "Szczyrk, Poland"]
[Date "????.??.??"]
[Round "4.41"]
[White "Pieczewski, Szymon"]
[Black "Obrochta, Lena"]
[Result "0-1"]
[TimeControl "3'+2\""]
[WhiteElo "1539"]
[BlackElo "1219"]

1. e4 {[%clk 00:03:03]} e5 {[%clk 00:03:03]} {[%emt 00:00:02]} 2. f4 {[%clk
00:03:03]} Bc5 {[%clk 00:03:04]} {[%emt 00:00:02]} 3. Nf3 {[%clk 00:03:03]}
{[%emt 00:00:03]} d6 {[%clk 00:03:05]} {[%emt 00:00:01]} 4. Bc4 {[%clk
00:02:58]} {[%emt 00:00:06]} Nc6 {[%emt 00:00:02]} 5. c3 {[%clk 00:02:58]} a6
{[%clk 00:03:07]} {[%emt 00:00:01]} 6. d3 {[%clk 00:02:59]} {[%emt 00:00:01]}
b5 {[%clk 00:03:08]} {[%emt 00:00:01]} 7. Bb3 {[%clk 00:03:00]} {[%emt
00:00:01]} Bb6 {[%clk 00:03:10]} 8. Qe2 {[%clk 00:03:00]} {[%emt 00:00:01]} Nf6
{[%clk 00:03:09]} {[%emt 00:00:03]} 9. Be3 {[%clk 00:03:01]} {[%emt 00:00:01]}
Bxe3 {[%clk 00:03:09]} {[%emt 00:00:03]} 10. Qxe3 {[%clk 00:03:01]} {[%emt
00:00:01]} Qe7 {[%clk 00:03:08]} {[%emt 00:00:03]} 11. O-O {[%clk 00:02:58]}
{[%emt 00:00:06]} O-O {[%clk 00:03:05]} {[%emt 00:00:04]} 12. Nbd2 {[%clk
00:02:53]} {[%emt 00:00:07]} Ng4 {[%emt 00:00:04]} 13. Qe2 {[%clk 00:02:37]}
{[%emt 00:00:15]} exf4 {[%clk 00:03:05]} {[%emt 00:00:03]} 14. Bd5 {[%clk
00:02:29]} {[%emt 00:00:10]} Bb7 {[%clk 00:03:06]} {[%emt 00:00:02]} 15. Bxc6
{[%clk 00:02:11]} {[%emt 00:00:20]} Bxc6 {[%clk 00:03:06]} {[%emt 00:00:01]} 16.
Nd4 {[%clk 00:02:11]} {[%emt 00:00:01]} Ne5 {[%clk 00:03:06]} {[%emt 00:00:03]}
17. Nxc6 {[%clk 00:02:07]} {[%emt 00:00:07]} Nxc6 {[%clk 00:03:07]} {[%emt
00:00:01]} 18. Rxf4 {[%clk 00:02:07]} {[%emt 00:00:01]} f5 {[%clk 00:03:01]}
{[%emt 00:00:09]} 19. Raf1 {[%clk 00:02:02]} {[%emt 00:00:06]} fxe4 {[%clk
00:03:00]} {[%emt 00:00:03]} 20. Nxe4 {[%clk 00:01:52]} {[%emt 00:00:12]} d5
{[%clk 00:02:58]} {[%emt 00:00:04]} 21. Ng3 {[%clk 00:01:43]} {[%emt 00:00:10]}
Qc5+ {[%clk 00:02:37]} {[%emt 00:00:24]} 22. Kh1 {[%clk 00:01:41]} {[%emt
00:00:04]} Qd6 {[%clk 00:02:35]} {[%emt 00:00:04]} 23. Nf5 {[%clk 00:01:38]}
{[%emt 00:00:05]} Qd8 {[%clk 00:02:08]} {[%emt 00:00:29]} 24. Qg4 {[%clk
00:01:34]} {[%emt 00:00:06]} Qf6 {[%clk 00:02:05]} {[%emt 00:00:05]} 25. d4
{[%clk 00:01:23]} {[%emt 00:00:13]} Ne7 {[%clk 00:01:50]} {[%emt 00:00:17]} 26.
Ng3 {[%clk 00:01:09]} {[%emt 00:00:15]} Qg6 {[%clk 00:01:44]} {[%emt 00:00:10]}
27. Qe2 {[%clk 00:00:53]} {[%emt 00:00:17]} Nc6 {[%clk 00:01:36]} {[%emt
00:00:10]} 28. Nf5 {[%clk 00:00:33]} {[%emt 00:00:21]} Rae8 {[%clk 00:01:18]}
{[%emt 00:00:22]} 29. Ne7+ {[%clk 00:00:30]} {[%emt 00:00:05]} Nxe7 {[%clk
00:01:11]} {[%emt 00:00:08]} 30. Rxf8+ {[%clk 00:00:06]} {[%emt 00:00:27]} Rxf8
{[%clk 00:01:11]} {[%emt 00:00:01]} 31. Re1 {[%clk 00:00:06]} {[%emt 00:00:03]}
Nc6 {[%clk 00:01:07]} {[%emt 00:00:06]} 32. h3 {[%clk 00:00:06]} {[%emt
00:00:02]} Qf5 {[%clk 00:01:00]} {[%emt 00:00:08]} 33. a4 {[%clk 00:00:07]}
{[%emt 00:00:02]} bxa4 {[%clk 00:00:55]} {[%emt 00:00:07]} 34. Qxa6 {[%clk
00:00:08]} Nd8 {[%clk 00:00:53]} {[%emt 00:00:04]} 35. Qxa4 {[%clk 00:00:09]}
{[%emt 00:00:02]} Qf2 {[%clk 00:00:48]} {[%emt 00:00:07]} 36. Qd1 {[%clk
00:00:10]} Nc6 {[%clk 00:00:47]} {[%emt 00:00:03]} 37. Re6 {[%clk 00:00:09]}
{[%emt 00:00:02]} Nd8 {[%clk 00:00:46]} {[%emt 00:00:03]} 38. Re2 {[%clk
00:00:09]} {[%emt 00:00:02]} Qf1+ {[%clk 00:00:47]} {[%emt 00:00:02]} 39. Qxf1
{[%clk 00:00:09]} {[%emt 00:00:02]} Rxf1+ {[%clk 00:00:47]} {[%emt 00:00:01]}
40. Kh2 {[%clk 00:00:11]} Rf8 {[%clk 00:00:47]} {[%emt 00:00:02]} 41. Kg3
{[%clk 00:00:11]} {[%emt 00:00:02]} Kf7 {[%clk 00:00:46]} {[%emt 00:00:03]} 42.
Kf4 {[%clk 00:00:11]} {[%emt 00:00:02]} Re8 {[%clk 00:00:47]} 43. Rf2 {[%clk
00:00:10]} {[%emt 00:00:03]} g6 {[%clk 00:00:46]} {[%emt 00:00:03]} 44. Kg5+
{[%clk 00:00:11]} Kg7 {[%clk 00:00:47]} {[%emt 00:00:01]} 45. h4 {[%clk
00:00:11]} {[%emt 00:00:02]} Re4 {[%clk 00:00:46]} {[%emt 00:00:03]} 46. b4
{[%clk 00:00:09]} {[%emt 00:00:05]} Ne6# {[%clk 00:00:45]} {[%emt 00:00:01]}
0-1